Top 10 Highest Grossing Movies of 2024 - Statistics

General Stats
  • This quiz has been taken 18 times
    6 since last reset
  • The average score is 2 of 10
Answer Stats
Rank Title Distributor Worldwide Gross % Correct
1 Inside Out 2 Disney $1,698,778,437
100%
2 Deadpool and Wolverine Disney $1,338,073,645
40%
5 Dune: Part Two Warner Bros. $714,444,358
20%
3 Moana 2 Disney $989,755,208
20%
6 Wicked Universal $697,615,060
20%
4 Despicable Me 4 Universal $969,183,984
0%
7 Godzilla x Kong: The New Empire Warner Bros. $571,750,016
0%
8 Kung Fu Panda 4 Universal $548,326,927
0%
9 Mufasa: The Lion King Disney $541,268,820
0%
10 YOLO China Film $484,459,662
0%
No matching quizzes found
Score Distribution
Percent of People with Each Score
Percentile by Number Answered
Your Score History
You have not taken this quiz since the last reset